|
|
|
|
| LEADER |
00000nta a2200000 i 4500 |
| 001 |
dolg6005 |
| 005 |
20161124144102.0 |
| 008 |
160510suuuu hu om 000 hun d |
| 040 |
|
|
|a BGE Dolgozattár Repozitórium
|b hun
|
| 041 |
|
|
|a hu
|
| 100 |
1 |
|
|a Kultsár Eszter
|
| 245 |
1 |
0 |
|a Válságmenedzselés és kríziskommunikáció az utazásszervezők kiutaztatási üzletágában
|c Kultsár Eszter
|h [elektronikus dokumentum]
|
| 246 |
1 |
1 |
|a Válságmenedzselés és kríziskommunikáció az utazásszervezők kiutaztatási üzletágában
|
| 695 |
|
|
|a Válságmenedzsment
|
| 695 |
|
|
|a kríziskommunikáció
|
| 700 |
1 |
|
|a Talabos István
|e ths
|
| 856 |
4 |
0 |
|u http://dolgozattar.uni-bge.hu/6005/1/Szakdolgozat%20-%20Kults%C3%A1r%20Eszter.pdf
|z Dokumentum-elérés
|